LA UNIVERSIDAD LATINOAMERICANA EN CIFRAS (Registro nro. 16685)
[ vista simple ]
| 000 -LEADER | |
|---|---|
| fixed length control field | 00446nam a2200169 a 4500 |
| 001 - CONTROL NUMBER | |
| control field | 16685 |
| 005 - DATE AND TIME OF LATEST TRANSACTION | |
| control field | 20180713205702.0 |
| 008 - FIXED-LENGTH DATA ELEMENTS--GENERAL INFORMATION | |
| fixed length control field | 140415s1987 mx 000 0 spa d |
| 041 ## - LANGUAGE CODE | |
| Language code of text/sound track or separate title | spa |
| 082 ## - DEWEY DECIMAL CLASSIFICATION NUMBER | |
| Classification number | 378.8 |
| Item number | HID |
| 100 1# - MAIN ENTRY--PERSONAL NAME | |
| Personal name | HIDALGO RAMIREZ, JESUS |
| 245 13 - TITLE STATEMENT | |
| Title | LA UNIVERSIDAD LATINOAMERICANA EN CIFRAS |
| 250 ## - EDITION STATEMENT | |
| Edition statement | 1a ed. |
| 260 ## - PUBLICATION, DISTRIBUTION, ETC. | |
| Place of publication, distribution, etc. | MEXICO : |
| Name of publisher, distributor, etc. | UDUAL, |
| Date of publication, distribution, etc. | 1987 |
| 300 ## - PHYSICAL DESCRIPTION | |
| Extent | 32 |
| 650 14 - SUBJECT ADDED ENTRY--TOPICAL TERM | |
| Topical term or geographic name entry element | UNIVERSIDADES |
| General subdivision | AMERICA LATINA |
| Withdrawn status | Lost status | Source of classification or shelving scheme | Damaged status | Not for loan | Collection code | Home library | Current library | Shelving location | Date acquired | Source of acquisition | Total Checkouts | Full call number | Barcode | Price effective from | Koha item type |
|---|---|---|---|---|---|---|---|---|---|---|---|---|---|---|---|
| Dewey Decimal Classification | Consulta en sala | Referencia | Biblioteca Karol Wojtyla | Biblioteca Karol Wojtyla | Referencia | 03/12/2013 | Compra | 378.8 HID | 34550 | 11/07/2018 | Folleto |